000 01150nac a22003497a 4500
001 BR7803337
003 BR-BrBNA
005 20240105114226.0
008 230509b bl.|||m| |||| 00| 0 por d
040 _aBR-BrBNA
_bpor
_cBiblioteca Nacional de Agricultura
072 _aF00; Q10; E70
090 _a1126 BR7803337
100 1 _aMedina, J.C.
100 1 _aBleinroth, E.W.
100 1 _aLara, J.C.C. de Hashizume, T.
100 1 _aMoretti, V.A.
100 1 _aMarques, J.F. de
110 1 _aInstituto de Tecnologia de Alimentos, Campinas, SP (Brasil)
245 1 _aAbacaxi da cultura ao processamento e comercializacao [Ananas comosus]
260 3 _aCampinas, SP (Brasil):
_c1978.
300 _a200 p.
490 _aSerie Frutas Tropicais - Instituto de Tecnologia de Alimentos (Brazil)
_vno. 2
_x
500 _a58 illus; 38 tables; Bibliography (91 ref.)
650 _aProducao vegetal
650 _aTecnologia de alimento
650 _aComercializacao
650 _aAbacaxi
650 _aPreservacao de alimento
650 _aComercio exterior
909 _a202312
_bLúcia Elande
_c55
_dLúcia Elande
942 _2AGRIS
_n0
_cMS
999 _c268119
_d268119